000 00587nam a2200205Ia 4500
001 14564
003 IVS
005 20250626030538.0
008 211022s9999 xx 000 0 und d
040 _cIVS
082 _a746 UMM
100 _aUmme Safa Amin
245 4 _aThe Role of Design in the rise of Designer lawn over the last decade
260 _aKarachi
260 _bIndus Valley School of Art & Architecture
260 _c2019
300 _a36 pages
856 _uhttps://drive.google.com/file/d/19TvMk9KM4TW60lBbpjv_uSCow2kElS5_/view?usp=sharing
942 _cDISS
_2ddc
_n0
999 _c10296
_d10296